<?xml version="1.0" encoding="UTF-8"?>
<record
    xmlns:xsi="http://www.w3.org/2001/XMLSchema-instance"
    xsi:schemaLocation="http://www.loc.gov/MARC21/slim http://www.loc.gov/standards/marcxml/schema/MARC21slim.xsd"
    xmlns="http://www.loc.gov/MARC21/slim">

  <leader>01422    a2200217   4500</leader>
  <controlfield tag="001">44911</controlfield>
  <controlfield tag="005">20260407155724.0</controlfield>
  <controlfield tag="008">260407a2013    arg                 spa d</controlfield>
  <controlfield tag="003">AR-UNSa-BCEJYS</controlfield>
  <datafield tag="040" ind1=" " ind2=" ">
    <subfield code="a">AR-UNSa-BCEJYS</subfield>
    <subfield code="b">spa</subfield>
    <subfield code="c">AR-UNSa-BCEJYS</subfield>
  </datafield>
  <datafield tag="080" ind1=" " ind2=" ">
    <subfield code="a">339.9</subfield>
    <subfield code="x">Econom&#xED;a internacional en general. Relaciones econ&#xF3;micas internacionales. Econom&#xED;a mundial </subfield>
  </datafield>
  <datafield tag="245" ind1="1" ind2="0">
    <subfield code="a">Estudio econ&#xF3;mico de Am&#xE9;rica Latina y el Caribe</subfield>
  </datafield>
  <datafield tag="264" ind1=" " ind2="1">
    <subfield code="a">Santiago de Chile :</subfield>
    <subfield code="b">CEPAL (Comisi&#xF3;n Econ&#xF3;mica para Am&#xE9;rica Latina y el Caribe)</subfield>
    <subfield code="c">2013</subfield>
  </datafield>
  <datafield tag="300" ind1=" " ind2=" ">
    <subfield code="a">213 p.</subfield>
    <subfield code="c">28 cm.</subfield>
  </datafield>
  <datafield tag="505" ind1=" " ind2=" ">
    <subfield code="a">Parte I: Situaci&#xF3;n econ&#xF3;mica de Am&#xE9;rica Latina y el Caribe en 2013 &#x2013; 1. Panorama regional &#x2013; Parte II: Tres d&#xE9;cadas de crecimiento desigual e inestable &#x2013; 1. El crecimiento en Am&#xE9;rica Latina y el Caribe entre 1980 y 2012: hechos estilizados &#x2013; 2. La evoluci&#xF3;n del ingreso y de la demanda agregada en las &#xFA;ltimas tres d&#xE9;cadas &#x2013; 3. La evoluci&#xF3;n de la productividad laboral y el cambio estructural a lo largo de tres d&#xE9;cadas &#x2013; 4. El fortalecimiento y los desaf&#xED;os de las pol&#xED;ticas macroecon&#xF3;micas para impulsar el crecimiento con igualdad   </subfield>
  </datafield>
  <datafield tag="041" ind1=" " ind2=" ">
    <subfield code="a">spa</subfield>
  </datafield>
  <datafield tag="942" ind1=" " ind2=" ">
    <subfield code="c">BK</subfield>
  </datafield>
  <datafield tag="590" ind1=" " ind2=" ">
    <subfield code="a">niveau_biblio:m niveau_hierar:0</subfield>
  </datafield>
  <datafield tag="100" ind1="1" ind2=" ">
    <subfield code="a">Naciones Unidas. Comisi&#xF3;n Econ&#xF3;mica para Am&#xE9;rica Latina y el Caribe (CEPAL)</subfield>
  </datafield>
  <datafield tag="856" ind1="4" ind2="1">
    <subfield code="u">https://www.biblioeco.unsa.edu.ar/pmb/images/libros/L127036.jpg</subfield>
    <subfield code="y">Imagen de portada</subfield>
    <subfield code="q">image/jpeg</subfield>
  </datafield>
  <datafield tag="999" ind1=" " ind2=" ">
    <subfield code="c">3852</subfield>
    <subfield code="d">3852</subfield>
  </datafield>
  <datafield tag="952" ind1=" " ind2=" ">
    <subfield code="0">0</subfield>
    <subfield code="1">0</subfield>
    <subfield code="4">0</subfield>
    <subfield code="7">0</subfield>
    <subfield code="a">BCEJYS</subfield>
    <subfield code="b">BCEJYS</subfield>
    <subfield code="c">16</subfield>
    <subfield code="d">2026-04-07</subfield>
    <subfield code="l">0</subfield>
    <subfield code="o">339.9 N118</subfield>
    <subfield code="p">L127036</subfield>
    <subfield code="r">2026-04-07 15:57:24</subfield>
    <subfield code="w">2026-04-07</subfield>
    <subfield code="y">L</subfield>
  </datafield>
</record>
